000 01027cam a22002897a 4500
005 20220329141210.0
008 971010s1981 r 00010 d
010 _a64236
011 _a65208
035 _a71516
090 _aTesis
100 0 0 _aBrizuela Amador Pérez, Basilio.
_915467
245 0 _aEfecto de la tensión de la humedad del suelo y fertilización en cuatro variedades de trigo
260 _aChapingo, Méx. :
_bEl autor,
_c1981
300 _a78 h
502 _aTesis (Ing. Agr. Esp. en Suelos) -- UACH. Departamento de Suelos
590 _aALEPH
_b10
_c20130110
_lUCH01
_h1350
590 _aBATCH-UPD
_b10
_c20130110
_lUCH01
_h0437
590 _aBATCH-UPD
_b10
_c20130410
_lUCH01
_h0113
590 _aBATCH-UPD
_b10
_c20130914
_lUCH01
_h0750
590 _aCONVERSION
_b10
_c20130109
_lUCH01
_h1335
650 1 4 _aFertilizantes
_xEfecto en trigo.
_940558
650 1 4 _aSuelos
_xHumedad
_xEfecto en plantas.
_9110393
650 1 4 _aTrigo
_xVariedades.
_9115119
901 _aBK
949 _bS
_cTES
_d-4143
_eTS1
_i71516
_si
999 _c64236
_d64236